BUBT Library Online Catalog

Basic Business communication (Record no. 84)

000 -LEADER
fixed length control field 00422nam a22001457a 4500
008 - FIXED-LENGTH DATA ELEMENTS--GENERAL INFORMATION
fixed length control field 140130b xxu||||| |||| 00| 0 eng d
100 ## - MAIN ENTRY--PERSONAL NAME
9 (RLIN) 120
Personal name Lesikar, Raymond V.
245 ## - TITLE STATEMENT
Title Basic Business communication
Statement of responsibility, etc. by Raymond V. Lesikar & Marie E. Flatlye.
250 ## - EDITION STATEMENT
Edition statement 6th ed.
260 ## - PUBLICATION, DISTRIBUTION, ETC. (IMPRINT)
Name of publisher, distributor, etc. A.I.T.B.S,
Date of publication, distribution, etc. c1999.
Place of publication, distribution, etc. New Delhi,
300 ## - PHYSICAL DESCRIPTION
Extent 100p
650 #0 - SUBJECT ADDED ENTRY--TOPICAL TERM
9 (RLIN) 39
Topical term or geographic name as entry element Management
700 ## - ADDED ENTRY--PERSONAL NAME
9 (RLIN) 121
Personal name Flatlye, Marie E.
942 ## - ADDED ENTRY ELEMENTS (KOHA)
Source of classification or shelving scheme
Koha item type Books
Holdings
Withdrawn status Lost status Source of classification or shelving scheme Damaged status Not for loan Permanent location Current location Date acquired Inventory number Total Checkouts Date last seen Price effective from
          Bangladesh University of Business and Technology Library Bangladesh University of Business and Technology Library 01/30/2014 192   01/30/2014 01/30/2014

More Information About Library

Library Hours

  • Open: 9.00 am. to 9.00 pm.
  • Only Sunday: 9.00 am. to 6.00 pm.
  • Closed: Holiday

Contact to the University

Bangladesh University of Business and Technology Library

  • Mirpurl-2, 1216.
  • Phone:
  • Fax:
  • E-Mail: admin.library@bubt.edu.bd

Contact to the Library

Contact Person:

Md. Abdul Hakim Shah
Joint Librarian
PABX No:  113
Cell No: 01816332931
E-mail: official: admin.library@bubt.edu.bd
Personal: hakim.shah@bubt.edu.bd


BUBT Library

Copyright © 2021